| 000 | 00414cam a2200145ua 4500 | ||
|---|---|---|---|
| 041 |
_aeng _h |
||
| 082 |
_a330.1 _bTRI/MO |
||
| 100 | _aTriffin, Robert . | ||
| 245 |
_amonopolistics competitoion and General equilibrium theory / _cTriffien Robert. _hTextual Documents |
||
| 260 |
_aLondon : _bCambridge at the University Press , _c1962. |
||
| 300 | _a195 ; . | ||
| 504 | _a | ||
| 942 | _cBK | ||
| 999 |
_c12339 _d12339 |
||